MARC details
| 000 -LEADER |
| fixed length control field |
01683nam a22002297a 4500 |
| 003 - CONTROL NUMBER IDENTIFIER |
| control field |
BDDh-ASL |
| 005 - DATE AND TIME OF LATEST TRANSACTION |
| control field |
20231015031304.0 |
| 008 - FIXED-LENGTH DATA ELEMENTS--GENERAL INFORMATION |
| fixed length control field |
200928s2007 b ||||| b||| 00| 0 b d |
| 040 ## - CATALOGING SOURCE |
| Original cataloging agency |
BDDh-ASL |
| Transcribing agency |
BDDh-ASL |
| Modifying agency |
BDDh-ASL |
| 041 ## - LANGUAGE CODE |
| Language code of text/sound track or separate title |
Bengali |
| 082 ## - DEWEY DECIMAL CLASSIFICATION NUMBER |
| Classification number |
323.34297 |
| Item number |
MOI |
| 100 1# - MAIN ENTRY--PERSONAL NAME |
| Personal name |
মোতাহহারী, ড. মুর্তাজা |
| Titles and words associated with a name |
শহীদ আয়াতুল্লাহ |
| 9 (RLIN) |
7813 |
| 245 #0 - TITLE STATEMENT |
| Title |
ইসলামে নারীর অধিকার / |
| Statement of responsibility, etc. |
নূর হোসেন মজিদী ও আব্দুল কুদ্দুস বাদশা (অনু.)। |
| 246 ## - VARYING FORM OF TITLE |
| Title proper/short title |
Islame Narir Odhikar. |
| 260 ## - PUBLICATION, DISTRIBUTION, ETC. |
| Place of publication, distribution, etc. |
ঢাকা: |
| Name of publisher, distributor, etc. |
আল হুদা আন্তর্জাতিক প্রকাশনা সংস্থা, |
| Date of publication, distribution, etc. |
২০০৭। |
| 300 ## - PHYSICAL DESCRIPTION |
| Extent |
৩৪৮ পৃষ্ঠা: |
| Dimensions |
২৫ সে. মি.। |
| 650 #0 - SUBJECT ADDED ENTRY--TOPICAL TERM |
| Topical term or geographic name entry element |
নারী, নারী জাগরণ, নারী শিক্ষা, নারী সংগ্রাম, নারী উদ্যোক্তা, নারী ভাবনা, নারী আন্দোলন, বাঙালী নারী, নারী বৈশম্য, মুসলিম নারী, হিন্দু নারী, নারী সাহিত্যিক, সফল নারী (Women, Women Empowerment, Education, Muslim Women, Women in Literature, Bengali Women) |
| 9 (RLIN) |
5748 |
| 650 #0 - SUBJECT ADDED ENTRY--TOPICAL TERM |
| Topical term or geographic name entry element |
Women's Rights, নারীর অধিকার, Nārīra adhikāra, নারীর সমানাধিকার |
| 9 (RLIN) |
7815 |
| 700 1# - ADDED ENTRY--PERSONAL NAME |
| Personal name |
মজিদী, নূর হোসেন |
| 9 (RLIN) |
5686 |
| 700 1# - ADDED ENTRY--PERSONAL NAME |
| Personal name |
বাদশা, আব্দুল কুদ্দুস |
| 9 (RLIN) |
7816 |
| 942 ## - ADDED ENTRY ELEMENTS (KOHA) |
| Source of classification or shelving scheme |
Dewey Decimal Classification |
| Koha item type |
Books |